000 00586nam a2200241Ia 4500
003 OSt
005 20221005123545.0
006 a|||||r|||| 00| 0
007 ta
008 221004b |||||||| |||| 00| 0 eng d
024 _a63817
037 _cTextual
040 _aCRL
_cCRL
_beng
041 _2eng
_aeng
082 _aW:264, J0
100 _aHasluck E L
_9107961
245 0 _aLocal government
260 _c1950
490 _aSocial Science Studies
650 _aPOLITICAL SCIENCE
942 _hW:264, J0
_cTEXL
_2cc
999 _c1047770
_d1047770